[Event "GER-ch U16"]
[Site "Willingen"]
[Date "2001.??.??"]
[Round "9"]
[White "Schlichthaar, Robert"]
[Black "Naiditsch, Evgenija"]
[Result "1-0"]
[WhiteElo "2142"]
[BlackElo "2141"]
[PlyCount "63"]
[EventDate "2001.06.03"]
[EventType "swiss"]
[EventRounds "9"]
[EventCountry "GER"]
[SourceTitle "EXT 2002"]
[Source "ChessBase"]
[SourceDate "2001.11.25"]
[SourceVersion "1"]
[SourceVersionDate "2001.11.25"]
[SourceQuality "1"]

1. e4 c5 2. Nf3 e6 3. d3 d5 4. Qe2 Nf6 5. g3 Nc6 6. Bg2 Be7 7. 0-0 0-0 8. e5 Nd7 9. c4 dxc4 10. dxc4 b6 11. Nc3 Bb7 12. h4 Nd4 13. Nxd4 Bxg2 14. Kxg2 cxd4 15. Nb5 d3 16. Qxd3 Nxe5 17. Qe4 Bf6 18. Bg5 Bxg5 19. Rad1 Nd7 20. hxg5 a6 21. Rh1 g6 22. Rxh7 Qxg5 23. Rxd7 Kxh7 24. Nc7 Rac8 25. Nxe6 Qf6 26. Nxf8+ Rxf8 27. Qh4+ Qxh4 28. gxh4 Kg7 29. Rb7 Rc8 30. Rxb6 Rxc4 31. Rxa6 Rxh4 32. a3 1-0